[Event "BIH-chT1"]
[Site "Bosanska Krupa"]
[Date "2018.08.29"]
[Round "7"]
[White "Nezirovic, Ozren"]
[Black "Ramic, Mirnes"]
[Result "0-1"]
[WhiteElo "2013"]
[BlackElo "2068"]
[PlyCount "66"]
[EventDate "2018.08.25"]
[EventType "tourn"]
[EventRounds "9"]
[EventCountry "BIH"]
[SourceTitle "CBM 186 Extra"]
[Source "ChessBase"]
[SourceDate "2018.08.24"]
[SourceVersion "1"]
[SourceVersionDate "2018.08.24"]
[SourceQuality "1"]

1. e4 e5 2. Nf3 Nc6 3. Bc4 Bc5 4. c3 Nf6 5. d3 d6 6. Bb3 a6 7. h3 Ba7 8. Nbd2 0-0 9. Nf1 Ne7 10. Ng3 Ng6 11. 0-0 Be6 12. Bc2 h6 13. Be3 c6 14. d4 b5 15. Nf5 Nh7 16. Qd2 f6 17. d5 cxd5 18. exd5 Bxf5 19. Bxf5 Bxe3 20. fxe3 Ne7 21. Qd3 Nxf5 22. Qxf5 Qc8 23. g4 Qxf5 24. gxf5 Ng5 25. Nxg5 hxg5 26. e4 Rfc8 27. Kf2 Rc4 28. Ke3 Kf7 29. Rac1 Rh8 30. Rf3 Rh4 31. b3 Rcxe4+ 32. Kd3 Ref4 33. Rxf4 Rxh3+ 0-1

[Event "BIH-chT1"]
[Site "Bosanska Krupa"]
[Date "2018.08.28"]
[Round "6"]
[White "Strinic, Halid"]
[Black "Nezirovic, Ozren"]
[Result "1-0"]
[WhiteElo "2116"]
[BlackElo "2013"]
[PlyCount "66"]
[EventDate "2018.08.25"]
[EventType "tourn"]
[EventRounds "9"]
[EventCountry "BIH"]
[SourceTitle "CBM 186 Extra"]
[Source "ChessBase"]
[SourceDate "2018.08.24"]
[SourceVersion "1"]
[SourceVersionDate "2018.08.24"]
[SourceQuality "1"]

1. e4 e5 2. Nf3 Nc6 3. Bc4 Nf6 4. d3 h6 5. 0-0 d6 6. c3 g6 7. b4 Bg7 8. Re1 0-0 9. Bb3 a6 10. Nbd2 d5 11. a3 dxe4 12. dxe4 Qe7 13. Nc4 Be6 14. Qc2 Nh5 15. Ne3 Bxb3 16. Qxb3 Nf4 17. Nd5 Qe6 18. Qa2 Nxg2 19. Ng5 hxg5 20. Kxg2 Ne7 21. h3 Nxd5 22. exd5 Qf5 23. Qc4 Rac8 24. f3 Bf6 25. Ra2 Qd7 26. Rd2 Qb5 27. Qe4 Kg7 28. c4 Qd7 29. c5 Rh8 30. Qg4 Qa4 31. Bb2 Rh4 32. Qg3 Rd4 33. Bxd4 exd4 1-0

[Event "BIH-chT1"]
[Site "Bosanska Krupa"]
[Date "2018.08.26"]
[Round "2"]
[White "Nezirovic, Ozren"]
[Black "Sadikovic, Jasmin"]
[Result "0-1"]
[WhiteElo "2013"]
[BlackElo "2078"]
[PlyCount "84"]
[EventDate "2018.08.25"]
[EventType "tourn"]
[EventRounds "9"]
[EventCountry "BIH"]
[SourceTitle "CBM 186 Extra"]
[Source "ChessBase"]
[SourceDate "2018.08.24"]
[SourceVersion "1"]
[SourceVersionDate "2018.08.24"]
[SourceQuality "1"]

1. e4 e5 2. Nf3 Nc6 3. Bc4 Bc5 4. c3 Nf6 5. d3 0-0 6. 0-0 d5 7. exd5 Nxd5 8. Re1 Nf6 9. h3 e4 10. Ng5 Ne5 11. Nd2 Nxd3 12. Bxd3 exd3 13. Nb3 Bb6 14. Be3 h6 15. Nf3 Bf5 16. Nfd4 Bg6 17. Qf3 Qd5 18. Nd2 Rad8 19. N2b3 Qxf3 20. Nxf3 Rfe8 21. Bxb6 axb6 22. Nbd2 Re2 23. Kf1 Rde8 24. Rxe2 dxe2+ 25. Ke1 c5 26. Nc4 Nd7 27. Kd2 f5 28. Re1 b5 29. Nd6 Ra8 30. a3 b4 31. axb4 Ra2 32. Kc2 f4+ 33. Kc1 cxb4 34. cxb4 Ra4 35. Rxe2 Rxb4 36. Re7 Nc5 37. Ne5 Nb3+ 38. Kd1 Rd4+ 39. Ke2 Rxd6 40. Nxg6 Rxg6 41. Rxb7 Nd4+ 42. Kd3 Ne6 0-1

[Event "Sarajevo Bosna op 47th"]
[Site "Sarajevo"]
[Date "2017.05.18"]
[Round "8"]
[White "Nezirovic, Ozren"]
[Black "Buzeti, Jernej"]
[Result "0-1"]
[WhiteElo "2013"]
[BlackElo "2196"]
[PlyCount "50"]
[EventDate "2017.05.13"]
[EventType "swiss"]
[EventRounds "9"]
[EventCountry "BIH"]
[SourceTitle "CBM 178 Extra"]
[Source "ChessBase"]
[SourceDate "2017.06.22"]
[SourceVersion "1"]
[SourceVersionDate "2017.06.22"]
[SourceQuality "1"]

1. e4 c5 2. Nf3 d6 3. d4 cxd4 4. Nxd4 Nf6 5. Nc3 a6 6. h3 e6 7. g4 Be7 8. Be3 Nbd7 9. Qd2 b5 10. Bg2 Bb7 11. 0-0-0 Nb6 12. b3 Nbd7 13. f4 Rc8 14. Nce2 Qc7 15. Kb1 Nc5 16. Ng3 d5 17. exd5 Bxd5 18. Rhe1 0-0 19. Ndf5 exf5 20. Bxd5 Nxd5 21. Qxd5 Na4 22. bxa4 Qxc2+ 23. Ka1 Rfd8 24. Qb3 Bf6+ 25. Bd4 Rxd4 0-1

[Event "Lukavac op 5th"]
[Site "Lukavac"]
[Date "2016.11.27"]
[Round "7"]
[White "Nezirovic, Ozren"]
[Black "Aleksic, Neven"]
[Result "0-1"]
[WhiteElo "2039"]
[BlackElo "2131"]
[PlyCount "50"]
[EventDate "2016.11.24"]
[EventType "swiss"]
[EventRounds "7"]
[EventCountry "BIH"]
[SourceTitle "EXT 2019"]
[Source "ChessBase"]
[SourceDate "2018.10.10"]
[SourceVersion "1"]
[SourceVersionDate "2018.10.10"]
[SourceQuality "1"]

1. e4 e5 2. Nf3 Nc6 3. Bc4 Bc5 4. c3 Nf6 5. d3 d6 6. Nbd2 0-0 7. 0-0 a6 8. Bb3 Ba7 9. Nc4 h6 10. h3 Ne7 11. Ne3 Ng6 12. Nf5 Be6 13. g4 d5 14. Qe2 dxe4 15. dxe4 Bxb3 16. axb3 Qd7 17. g5 hxg5 18. Bxg5 Qe6 19. b4 Nh5 20. N3h4 Nhf4 21. Bxf4 exf4 22. Qg4 Qf6 23. Nf3 Rfe8 24. Ng5 Ne5 25. Qxf4 Qxg5+ 0-1

[Event "Lukavac op 5th"]
[Site "Lukavac"]
[Date "2016.11.27"]
[Round "6"]
[White "Sinanovic, Ermin"]
[Black "Nezirovic, Ozren"]
[Result "1-0"]
[WhiteElo "2016"]
[BlackElo "2039"]
[PlyCount "55"]
[EventDate "2016.11.24"]
[EventType "swiss"]
[EventRounds "7"]
[EventCountry "BIH"]
[SourceTitle "EXT 2019"]
[Source "ChessBase"]
[SourceDate "2018.10.10"]
[SourceVersion "1"]
[SourceVersionDate "2018.10.10"]
[SourceQuality "1"]

1. e4 e5 2. Nf3 Nc6 3. Bb5 a6 4. Ba4 g6 5. 0-0 Bg7 6. c3 Nge7 7. d4 exd4 8. cxd4 b5 9. Bb3 0-0 10. Re1 d6 11. h3 Bb7 12. Nc3 Na5 13. Bc2 Nc4 14. b3 Nb6 15. Bg5 h6 16. Be3 Rc8 17. Qd2 Kh7 18. Rad1 Ra8 19. h4 Bc8 20. Ne2 Bg4 21. Nh2 Bc8 22. h5 f5 23. hxg6+ Nxg6 24. Nf4 Nxf4 25. Bxf4 d5 26. exf5 Bxf5 27. Bxf5+ Rxf5 28. Qc2 1-0

[Event "Sarajevo Bosna op 46th"]
[Site "Sarajevo"]
[Date "2016.06.02"]
[Round "8"]
[White "Nezirovic, Ozren"]
[Black "Colpa, Fahrudin"]
[Result "1-0"]
[WhiteElo "2067"]
[BlackElo "1864"]
[PlyCount "85"]
[EventDate "2016.05.28"]
[EventType "swiss"]
[EventRounds "9"]
[EventCountry "BIH"]
[SourceTitle "EXT 2019"]
[Source "ChessBase"]
[SourceDate "2018.10.10"]
[SourceVersion "1"]
[SourceVersionDate "2018.10.10"]
[SourceQuality "1"]

1. e4 Nc6 2. d4 d5 3. e5 Bf5 4. c3 a6 5. Nf3 f6 6. Bd3 Qd7 7. a4 g5 8. exf6 exf6 9. Qe2+ Nge7 10. Nbd2 g4 11. Bxf5 Qxf5 12. Nh4 Qh5 13. g3 Bh6 14. Nb3 0-0-0 15. Bxh6 Qxh6 16. Qxg4+ Kb8 17. Ng2 f5 18. Qf4 Qe6+ 19. Qe3 Qf7 20. 0-0-0 Ng6 21. Rhe1 Rhe8 22. Qd2 Re4 23. f3 Ree8 24. Rxe8 Rxe8 25. Re1 Rd8 26. Nf4 b6 27. Qe3 Nge7 28. Qe6 Qf8 29. Qe2 Qh6 30. Qd2 Rd6 31. Kc2 Kb7 32. Re2 Qf8 33. Nd3 Ng6 34. Qe3 Rd7 35. Qe8 Qg7 36. Ndc5+ bxc5 37. Nxc5+ Ka7 38. Qxd7 Qxd7 39. Nxd7 Na5 40. b3 f4 41. Nf6 c6 42. Nxh7 fxg3 43. hxg3 1-0

[Event "BIH-chT1B 22nd"]
[Site "Tuzla"]
[Date "2015.10.17"]
[Round "2.2"]
[White "Karahmetovic, Adnan"]
[Black "Nezirovic, Ozren"]
[Result "1-0"]
[WhiteElo "2307"]
[BlackElo "2099"]
[PlyCount "85"]
[EventDate "2015.10.16"]
[EventType "team-tourn"]
[EventRounds "9"]
[EventCountry "BIH"]
[SourceTitle "CBM 169 Extra"]
[Source "ChessBase"]
[SourceDate "2015.12.18"]
[SourceVersion "1"]
[SourceVersionDate "2015.12.18"]
[SourceQuality "1"]

1. d4 g6 2. c4 Bg7 3. Nc3 d6 4. e4 Nf6 5. Nge2 0-0 6. Ng3 c5 7. d5 e6 8. Be2 exd5 9. exd5 Re8 10. 0-0 Nbd7 11. Bf4 Ne5 12. Qd2 a6 13. Bg5 Qc7 14. h3 Ned7 15. Qf4 Re5 16. Qh4 b6 17. f4 Re8 18. f5 Rf8 19. Rf4 Ne8 20. f6 Ndxf6 21. Rxf6 h6 22. Bxh6 Bxf6 23. Bg5 Qe7 24. Nce4 Bxg5 25. Nxg5 f6 26. N5e4 Qh7 27. Qf4 g5 28. Qd2 Ra7 29. Bd3 Qh4 30. Rf1 Rg7 31. Nf5 Bxf5 32. Rxf5 Re7 33. Qe3 Rff7 34. Qf3 Ng7 35. Rxf6 Rxf6 36. Nxf6+ Kh8 37. Ng4 Re8 38. Qf6 Qe1+ 39. Kh2 Qe7 40. Qg6 Kg8 41. Qh7+ Kf8 42. Bg6 Qe1 43. Qh8+ 1-0

[Event "BIH-chT1"]
[Site "Tuzla"]
[Date "2010.07.19"]
[Round "3"]
[White "Nezirovic, Ozren"]
[Black "Trkulja, Goran"]
[Result "0-1"]
[WhiteElo "2110"]
[BlackElo "2352"]
[PlyCount "42"]
[EventDate "2010.07.18"]
[EventType "team-swiss"]
[EventRounds "9"]
[EventCountry "BIH"]
[SourceTitle "CBM 137 Extra"]
[Source "ChessBase"]
[SourceDate "2010.09.01"]
[SourceVersion "1"]
[SourceVersionDate "2010.09.01"]
[SourceQuality "1"]

1. e4 c6 2. d4 d5 3. e5 Bf5 4. Be3 Qb6 5. Qc1 e6 6. c4 Nd7 7. c5 Qc7 8. Nc3 f6 9. exf6 Ngxf6 10. Nf3 e5 11. dxe5 Ng4 12. Bd4 Bxc5 13. Bxc5 Nxc5 14. b4 Ne6 15. Be2 0-0 16. 0-0 Nxe5 17. Nh4 Rae8 18. Nxf5 Rxf5 19. f4 Nc4 20. Bg4 Rff8 21. g3 Nd4 0-1

[Event "BIH-chT1"]
[Site "Tuzla"]
[Date "2010.07.18"]
[Round "1"]
[White "Nezirovic, Ozren"]
[Black "Hodzic, Nihad"]
[Result "0-1"]
[WhiteElo "2110"]
[BlackElo "2265"]
[PlyCount "68"]
[EventDate "2010.07.18"]
[EventType "team-swiss"]
[EventRounds "9"]
[EventCountry "BIH"]
[SourceTitle "CBM 137 Extra"]
[Source "ChessBase"]
[SourceDate "2010.09.01"]
[SourceVersion "1"]
[SourceVersionDate "2010.09.01"]
[SourceQuality "1"]

1. e4 c5 2. Nf3 e6 3. b3 Nc6 4. Bb5 Nf6 5. e5 Nd5 6. 0-0 Be7 7. d4 cxd4 8. Bxc6 dxc6 9. Qxd4 0-0 10. a3 b6 11. c4 Nc7 12. Qg4 Qd3 13. Nd4 Bb7 14. Rd1 Qg6 15. Qxg6 hxg6 16. Nc3 Rfd8 17. Be3 Kf8 18. Kf1 Ke8 19. Ke2 Bc5 20. Ne4 Bxd4 21. Bxd4 Ke7 22. Nd6 Ba6 23. Ke3 Ne8 24. c5 Nc7 25. b4 Nd5+ 26. Ke4 Rh8 27. cxb6 axb6 28. Rac1 Be2 29. f4 Bxd1 30. Rxd1 Rxa3 31. Nc4 Ra6 32. Rb1 b5 33. Bc5+ Kd7 34. Kf3 bxc4 0-1

[Event "Tuzla op 16th"]
[Site "Tuzla"]
[Date "2009.12.25"]
[Round "2"]
[White "Nezirovic, Ozren"]
[Black "Trkulja, Goran"]
[Result "0-1"]
[WhiteElo "2114"]
[BlackElo "2347"]
[PlyCount "71"]
[EventDate "2009.12.24"]
[EventType "swiss"]
[EventRounds "7"]
[EventCountry "BIH"]
[SourceTitle "EXT 2019"]
[Source "ChessBase"]
[SourceDate "2018.10.10"]
[SourceVersion "1"]
[SourceVersionDate "2018.10.10"]
[SourceQuality "1"]

1. e4 c6 2. d4 d5 3. e5 Bf5 4. Be3 e6 5. Nd2 Nd7 6. Nb3 a5 7. a4 Ne7 8. Be2 Bg6 9. f4 Nf5 10. Bf2 h5 11. Nf3 Be7 12. 0-0 Qc7 13. c3 Qb6 14. Nfd2 Qa7 15. c4 Nb6 16. c5 Nd7 17. Rc1 b6 18. Nf3 0-0 19. h3 h4 20. Bd3 Rfb8 21. Bxf5 Bxf5 22. Bxh4 Bf8 23. Bf2 bxc5 24. dxc5 Rb4 25. Nbd4 Qb7 26. Nxf5 exf5 27. Bd4 Qa7 28. Nh4 Bxc5 29. Bxc5 Nxc5 30. Kh2 g6 31. Qe1 Kg7 32. e6 f6 33. e7 Re8 34. Rxc5 Rxe7 35. Qc3 d4 36. Qc2 0-1

[Event "Tuzla 15th"]
[Site "Tuzla"]
[Date "2008.11.25"]
[Round "7"]
[White "Mrkonjic, Nenad"]
[Black "Nezirovic, Ozren"]
[Result "1-0"]
[WhiteElo "2364"]
[BlackElo "2131"]
[PlyCount "81"]
[EventDate "2008.11.21"]
[EventType "tourn"]
[EventRounds "9"]
[EventCountry "BIH"]
[EventCategory "2"]
[SourceTitle "CBM 127 Extra"]
[Source "ChessBase"]
[SourceDate "2009.01.08"]
[SourceVersion "2"]
[SourceVersionDate "2009.01.28"]
[SourceQuality "1"]

1. d4 Nf6 2. Nf3 g6 3. c3 Bg7 4. Bf4 0-0 5. h3 d6 6. e3 Nbd7 7. Be2 b6 8. 0-0 Bb7 9. a4 a6 10. Nbd2 c5 11. Qb3 Qc7 12. Rfc1 Rac8 13. Qd1 Qb8 14. Ne1 Nd5 15. Bh2 Nc7 16. b4 e5 17. Nc4 Ne8 18. bxc5 bxc5 19. Na5 Qc7 20. Nxb7 Qxb7 21. Rcb1 Qa7 22. Bf3 Rc7 23. dxe5 Nxe5 24. Bd5 Nf6 25. Ra3 c4 26. Ra2 Qc5 27. Rd2 Qa5 28. Bxe5 dxe5 29. Rb4 Qc5 30. Rxc4 Qa5 31. Rxc7 Qxc7 32. c4 Nd7 33. Rb2 Nc5 34. Rb1 Re8 35. Nd3 Bf8 36. Nxc5 Qxc5 37. Qf3 Re7 38. Qf6 Qc8 39. Rb6 Ra7 40. Qxe5 Bg7 41. Qf4 1-0

[Event "BIH CFFBH-chT1"]
[Site "Neum"]
[Date "2007.08.28"]
[Round "6"]
[White "Cisic, Alan"]
[Black "Nezirovic, Ozren"]
[Result "1-0"]
[WhiteElo "2215"]
[BlackElo "2110"]
[PlyCount "61"]
[EventDate "2007.08.25"]
[EventType "team-tourn"]
[EventRounds "9"]
[EventCountry "BIH"]
[SourceTitle "EXT 2023"]
[Source "ChessBase"]
[SourceDate "2022.10.05"]
[SourceVersion "1"]
[SourceVersionDate "2022.10.05"]
[SourceQuality "1"]

1. e4 e5 2. Nc3 Nf6 3. g3 c6 4. Bg2 d5 5. d3 dxe4 6. dxe4 Qxd1+ 7. Nxd1 Na6 8. Ne3 Bb4+ 9. c3 Bd6 10. Nc4 Bc7 11. f4 exf4 12. Bxf4 Bxf4 13. gxf4 0-0 14. Nd6 Nh5 15. Ne2 Rd8 16. Rd1 Bg4 17. Rf1 Nc5 18. Bf3 Bxf3 19. Rxf3 Nf6 20. Ng3 Kf8 21. b4 Ncxe4 22. Ngxe4 Nxe4 23. Nxe4 Re8 24. Re3 f5 25. Rd7 Rab8 26. Ke2 fxe4 27. Rg3 g6 28. Rxh7 Kg8 29. Rd7 Red8 30. Rxg6+ Kh8 31. Rgg7 1-0

[Event "BIH CFFBH-chT1"]
[Site "Neum"]
[Date "2007.08.27"]
[Round "4"]
[White "Nezirovic, Ozren"]
[Black "Mrsevic, Miroslav"]
[Result "1/2-1/2"]
[WhiteElo "2110"]
[BlackElo "2286"]
[PlyCount "86"]
[EventDate "2007.08.25"]
[EventType "team-tourn"]
[EventRounds "9"]
[EventCountry "BIH"]
[SourceTitle "EXT 2023"]
[Source "ChessBase"]
[SourceDate "2022.10.05"]
[SourceVersion "1"]
[SourceVersionDate "2022.10.05"]
[SourceQuality "1"]

1. e4 e5 2. Nf3 d6 3. d4 exd4 4. Nxd4 Nf6 5. Nc3 Be7 6. Bf4 0-0 7. Qd2 c6 8. 0-0-0 b5 9. f3 b4 10. Nb1 c5 11. Nb5 Be6 12. Nxd6 Qa5 13. a3 Nc6 14. Bb5 Nd4 15. axb4 Qa1 16. bxc5 Bxd6 17. Bxd6 Nxb5 18. Bxf8 Ba2 19. Qb4 Nd7 20. Kd2 Bxb1 21. Rxb1 Qa6 22. Bd6 Nxd6 23. cxd6 Rb8 24. Qd4 Qa5+ 25. Ke2 Rb4 26. Qc3 Qb5+ 27. Qd3 Rc4 28. Rhd1 h5 29. b3 Rxc2+ 30. Rd2 Rxd2+ 31. Kxd2 Qg5+ 32. Qe3 Qxg2+ 33. Kc3 Qxh2 34. f4 Qa2 35. Rg1 Qa5+ 36. Kb2 g6 37. e5 Kg7 38. e6 fxe6 39. Rg5 Qb4 40. Qxe6 Qd2+ 41. Kb1 Qd1+ 42. Kb2 Qd2+ 43. Kb1 Qd1+ 1/2-1/2

[Event "DDS League and op 12th"]
[Site "Tuzla"]
[Date "2006.09.19"]
[Round "8"]
[White "Goric, Esad"]
[Black "Nezirovic, Ozren"]
[Result "1-0"]
[WhiteElo "2293"]
[BlackElo "2111"]
[PlyCount "67"]
[EventDate "2006.09.15"]
[EventType "team"]
[EventRounds "9"]
[EventCountry "BIH"]
[SourceTitle "CBM 114 Extra"]
[Source "ChessBase"]
[SourceDate "2006.11.03"]
[SourceVersion "1"]
[SourceVersionDate "2006.11.03"]
[SourceQuality "1"]

1. c4 g6 2. g3 Bg7 3. Bg2 c5 4. Nc3 Nc6 5. e3 e5 6. Nge2 Nge7 7. 0-0 0-0 8. a3 d6 9. Rb1 a5 10. Nd5 Rb8 11. Nec3 Bd7 12. b4 axb4 13. axb4 Nxd5 14. Nxd5 Nxb4 15. Nxb4 cxb4 16. Rxb4 Bc6 17. Qb3 e4 18. Bb2 Ra8 19. Bxg7 Kxg7 20. Rd1 Qe7 21. d4 d5 22. Bf1 h5 23. cxd5 Bxd5 24. Bc4 Bxc4 25. Qxc4 Rfc8 26. Qb3 Rc7 27. d5 Rd8 28. h4 Rd6 29. Qb2+ Qf6 30. Qb1 Qf3 31. Rxe4 Rf6 32. Rd2 Rd7 33. Red4 Rfd6 34. Rf4 1-0